000 00459nam a2200181Ia 4500
001 18691
005 20260306171649.0
008 260306s9999||||xx |||||||||||||| ||und||
041 _aESP
082 _a658.5
_bA57B
100 _aAnaya Tejero, Julio Juan
_eAUT
245 0 _aLogística integral:
_bla empresa operativa de la empresa
260 _c2011
300 _a248 páginas :
_c24 cm.
650 _aGEN
654 _aCAN
942 _cLIB
_dJUS
_fJUS
_2ddc
_n
999 _c18691
_d18691